Представление документа в формате RUSMARC

Поле Инд. ПП Название Значение
Тип записи a
Библиографический уровень a
001 Контрольный номер 13a8542f8ff448c4a30658722a1022e0
005 Дата корректировки 20190318155444.4
100 a Данные общей обработки 20190315 ||| 0rusy0189 ca
101 0_ a Язык текста rus
102 a Страна публикации RU
200 1_ f Первые сведения об ответственности А.В. Курсаев
a Заглавие Об уголовной ответственности за необоснованный отказ в приеме на работу или необоснованное увольнение лица, достигшего предпенсионного возраста
b Общее обозначение материала Текст
210 1_ d Дата издания 2019
461 _0 1 2000
a Вопросы трудового права
463 _0 1 2000
a № 2
v С. 47-59
1 2101
d 2019
1 0011b292adec8fb4fad981d5e7c85292e8e
606 a Основная рубрика Трудовое право
610 0_ a Ключевые слова ПРАВО СОЦИАЛЬНОГО ОБЕСПЕЧЕНИЯ
a Ключевые слова ПЕНСИОННАЯ РЕФОРМА
a Ключевые слова ПРАВОНАРУШЕНИЯ
a Ключевые слова ДИСКРИМИНАЦИЯ
a Ключевые слова УГОЛОВНАЯ ОТВЕТСТВЕННОСТЬ
a Ключевые слова СОСТАВ ПРЕСТУПЛЕНИЯ
700 _1 a Фамилия Курсаев
b Имя А.В.
801 _0 a Страна RU
b Организация РГУП
c Дата составления 20190315
g Правила каталогизации PSBO
801 _1 a Страна RU
b Организация РГУП
c Дата составления 20190315
g Правила каталогизации PSBO
901 t Тип документа b
w Контрольный № источника 1b292adec8fb4fad981d5e7c85292e8e
905 a Дата ввода 20190315